| 000 | 00681cam a2200229u 4500 | ||
|---|---|---|---|
| 999 |
_c22758 _d22758 |
||
| 001 | 9829376 | ||
| 003 | BDDh-ASL | ||
| 005 | 20231015030145.0 | ||
| 008 | 821020s1959 ii c 000 0 eng | ||
| 010 | _aa 60001483 | ||
| 040 |
_aDLC _cCarP _dDLC _dBDDh-ASL |
||
| 043 | _aa-ii--- | ||
| 050 | 0 | 0 |
_aDS480.45 _b.A9 1959 |
| 082 |
_a923.954 _bAZI |
||
| 100 | 1 |
_aĀzād, Abūlkalām, _d1888-1958. |
|
| 245 | 1 | 0 |
_aIndia wins freedom : _bAn autobiographical narrative/ |
| 260 |
_aBombay: _bOrient Longmans, _c[1959] |
||
| 300 |
_ax, 252 p. : _bports. _c24 cm. |
||
| 651 | 0 |
_aIndia _xHistory _y20th century. |
|
| 906 |
_a0 _bcbc _cpremunv _du _encip _f19 _gy-gencatlg |
||
| 942 |
_2ddc _cBK |
||